000 01515nam a2200373 a 4500
001 ebr10495888
003 CaPaEBR
006 m u
007 cr cn|||||||||
008 970709s1997 paub sb 001 0 eng d
010 _z 97026693
020 _z1556198485 (U.S. : alk. paper)
020 _z9027230404 (Eur.)
020 _z9789027230409
020 _z9789027281937 (e-book)
040 _aCaPaEBR
_cCaPaEBR
035 _a(OCoLC)750183091
050 1 4 _aPL7001
_b.N66 1997eb
082 0 4 _a499/.15
_221
245 0 0 _aNominal classification in aboriginal Australia
_h[electronic resource] /
_cedited by Mark Harvey, Nicholas Reid.
260 _aPhiladelphia, Pa. :
_bJohn Benjamins Pub.,
_cc1997.
300 _ax, 292 p. :
_bmaps.
490 1 _aStudies in language companion series (SLCS),
_x0165-7763 ;
_vv. 37
504 _aIncludes bibliographical references and indexes.
533 _aElectronic reproduction.
_bPalo Alto, Calif. :
_cebrary,
_d2011.
_nAvailable via World Wide Web.
_nAccess may be limited to ebrary affiliated libraries.
650 0 _aAboriginal Australians
_xLanguages
_xNoun.
650 0 _aAboriginal Australians
_xLanguages
_xGender.
655 7 _aElectronic books.
_2local
700 1 _aHarvey, Mark,
_d1958-
700 1 _aReid, Nicholas.
710 2 _aebrary, Inc.
830 0 _aStudies in language companion series ;
_vv. 37.
856 4 0 _uhttp://site.ebrary.com/lib/rucke/Doc?id=10495888
_zAn electronic book accessible through the World Wide Web; click to view
999 _c130828
_d130828